01354nam a2200265Ia 4500001000700000008004100007082001500048111014300063245026100206260007900467300001100546503002100557504003800578650001700616650002800633650002100661650002400682650002300706650003500729650002400764650002900788700006600817710005500883711015000938Z_6386220601s9999 xx 000 0 und d a583.47 S56 aSimposium Taller Nacional y Internaconal Producción y Aprovechamiento de Nopal y Maguey (11: 2012 Octubre 12-13: Nuevo León, México) aMemorias del XI Simposium-Taller Nacional y VI Internacional Producción y aprobechamiento de nopal y maguey: desarrollo y bienestrar sustentable a travéz del nopal y maguey / coordinación editorial E. Vázquez-Alvarado, F. Blanco-Macias ...[et. al.] aMéxico : Universidad Autónoma de Nuevo León: Facultad de Agronomía a236 p. aej.1. Donación aIncluye bibliografía e índice a1. Cactasea  aCactaseas como forraje  aNopal forrajero  aAgave como forraje  aNopal-Rendimiento  aNopal-Fisiologia y Morfologia  aNopal-Mejoramiento  aNopal -- Aprovechamiento aVázquez-Alvarado, R. E., coor. \ Blanco Macías, F., coor. aUniversidad Autónoma de Nuevo León (México). aSimposium Taller Nacional y IV Internaconal Producción y Aprovechamiento de Nopal y Maguey (11: 2012 Octubre 12-13: Nuevo León, México) Ì